[Event "Hull 4NCL GM Congress 2019"]
[Site "Hull"]
[Date "2019.11.01"]
[Round "5.4"]
[White "Eggleston, David J"]
[Black "Harvey, Marcus R"]
[Result "1-0"]
[WhiteElo "2394"]
[BlackElo "2405"]
[Annotator "TA"]
[PlyCount "97"]
[EventDate "2019.10.30"]
[EventType "tourn"]
[EventCountry "ENG"]
[SourceTitle "playchess.com"]
[Source "ChessBase"]
[SourceQuality "1"]

{[%evp 16,97,33,16,37,31,64,76,76,65,71,64,118,118,122,115,112,124,122,124,116,114,140,145,174,176,214,220,214,220,217,207,233,170,174,140,202,186,266,260,261,233,227,228,241,234,304,273,260,221,210,129,122,0,5,0,125,113,93,82,144,137,469,468,487,412,406,368,430,435,669,670,633,622,561,547,947,955,737,811,1998,1862,5110,5097]} 1. e4 c6 2. d4 d5 3. exd5 cxd5 4. c4 Nf6 5. Nc3 e6 6. Nf3 Be7 7. cxd5 exd5 8. Bd3 O-O 9. h3 Bb4 {B14: Caro-Kann: Panov-Botvinnik Attack with 5...e6 and 5...g6} (9... Nc6 10. O-O h6 11. Bf4 Bd6 12. Be5 Bxe5 13. dxe5 Nd7 14. Re1 Re8 15. Nxd5 Ndxe5 16. Bb5 Be6 17. Nxe5 Bxd5 18. Bxc6 bxc6 {½-½ (30) Moskalenko,A (2514)-Volodin,A (2482) Platja d'Aro 2017}) 10. O-O Bxc3 $146 ({Predecessor:} 10... Qd6 11. Nb5 Qc6 12. Bf4 {1-0 (12) Bilsel,S (1934)-Szabo,B (1000) LSS email 2009}) 11. bxc3 Qc7 {White is better.} 12. Qc2 Re8 13. Ne5 b6 ({Black should try} 13... Be6 $14) 14. Bg5 $1 $16 Ne4 15. Bxe4 dxe4 16. Qxe4 Qb7 17. Qxb7 $1 Bxb7 18. Nc4 $40 {[%mdl 128] White wants a kill.} Ba6 19. Nd6 Re6 20. Rfe1 h6 21. Bf4 {Black must now prevent Ne8.} Nd7 22. Rxe6 fxe6 23. Re1 Nf8 24. c4 Bc8 25. Nb5 Bb7 (25... Bd7 $16 26. Nd6 g5) 26. Bd6 $18 a6 {[#]} (26... Bc6 $142 27. Nc7 Rd8) 27. Nc7 $1 {[%cal Rc7a8]} Rc8 28. c5 bxc5 29. dxc5 Nd7 30. Rc1 {Strongly threatening c6.} (30. Nxe6 Re8) ({Don't take} 30. Rxe6 Nxc5 31. Re7 (31. Bxc5 Rxc7 32. Bd4 Kf7 $16) 31... Nd3) 30... Bd5 31. Nxd5 ({Resist} 31. Nxa6 Nb6 $18) 31... exd5 {[%mdl 4096] Endgame KRB-KRN} 32. Rd1 Kf7 33. Re1 {Re7+ is the strong threat.} Kf6 34. Rd1 (34. f4 $16) 34... Ke6 35. Re1+ (35. f4 $11) 35... Kf6 $16 36. f4 Rc6 37. g4 {Threatens to win with f5.} Nxc5 (37... g6 $142) 38. Be5+ Ke6 $2 {[%mdl 8192] [#]} (38... Ke7 $16 {is more resistant.}) 39. f5+ $1 $18 Kd7 40. Bxg7 Ne4 41. Rd1 Ke7 42. Rxd5 {White is clearly winning.} Rc1+ (42... Nc3 $142) 43. Kg2 Rc2+ 44. Kf3 Ng5+ 45. Kg3 Rxa2 {If Black can now play ...Ra3+ this consolidates a bit.} 46. Bxh6 Ra3+ 47. Kh4 Nxh3 48. Re5+ Kf7 49. Be3 {Accuracy: White = 82%, Black = 31%.} 1-0

[Event "Hull 4NCL GM Congress 2019"]
[Site "Hull"]
[Date "2019.11.01"]
[Round "5.5"]
[White "Haria, Ravi"]
[Black "Gonda, Laszlo"]
[Result "1/2-1/2"]
[WhiteElo "2463"]
[BlackElo "2541"]
[Annotator "TA"]
[PlyCount "106"]
[EventDate "2019.10.30"]
[EventType "tourn"]
[EventCountry "ENG"]
[SourceTitle "playchess.com"]
[Source "ChessBase"]
[SourceQuality "1"]

{[%evp 9,106,0,5,0,0,0,8,-6,6,6,12,-28,-26,-31,-34,-33,-21,-39,-43,-36,-35,-87,-75,-96,-98,-111,-63,-64,-63,-50,-31,-62,-59,-59,-33,-41,-32,-26,-15,-17,-16,-21,0,0,0,0,-3,-23,-5,-5,-8,-57,-9,-8,-8,-8,0,0,0,0,0,0,0,0,0,-30,0,-6,-6,-6,-6,-7,0,0,0,0,0,0,103,0,8,8,8,8,8,8,8,0,0,0,0,0,0,0,8,8,8,8,8]} 1. e4 c5 2. Nf3 e6 3. b3 b6 4. Bb2 Bb7 5. Nc3 a6 6. d4 {B40: Sicilian: 2...e6, Unusual lines} cxd4 $1 7. Qxd4 (7. Nxd4 Qc7 8. Qd2 Nf6 9. f3 Nc6 10. Nxc6 dxc6 11. O-O-O Be7 12. Bd3 b5 13. e5 Nd7 14. Ne4 Nxe5 15. Qc3 {1-0 (35) So,W (2780)-Vallejo Pons,F (2707) Leon 2018}) 7... Nc6 8. Qd2 d6 9. g4 $146 ({Predecessor:} 9. Be2 Nf6 10. O-O Be7 11. Rfd1 b5 12. Qf4 Qb6 13. a4 b4 {½-½ (27) Mazi,L (2393)-Bosiocic,M (2552) St Veit 2015}) 9... Ne5 10. Qe2 Nxf3+ 11. Qxf3 h5 12. gxh5 Qg5 13. Qg3 Qxh5 14. Be2 Qh6 15. Bc1 (15. f4 $1 $15) 15... Qh3 $17 16. Bf3 Be7 17. Bg2 Qxg3 (17... Qh5 {keeps more tension.} 18. Qe3 Bf6 19. Bd2 Rc8 20. Rc1 Ne7) 18. hxg3 Rxh1+ 19. Bxh1 Nf6 20. Bb2 b5 21. a3 Rc8 22. Kd2 Ng4 23. f3 Nf6 24. f4 Bc6 25. Bf3 Kd7 26. Rh1 Rg8 27. Ke3 g5 28. Kf2 gxf4 29. gxf4 Bd8 30. Bc1 Ba5 31. b4 Bb6+ 32. Be3 Ng4+ (32... Bxe3+ {is more complex.} 33. Kxe3 Ke7 34. Ne2 Bb7 35. Ra1 Ng4+) 33. Bxg4 $1 Bxe3+ 34. Kxe3 Rxg4 $11 {[%mdl 4096] Endgame KRB-KRN} 35. Ne2 e5 36. Rh7 Ke7 37. Kf3 Rg8 (37... Rg2 $5 {[%cal Rc6e4]} 38. fxe5 Bxe4+ 39. Kxe4 Rxe2+ {[%mdl 64] Double Attack} 40. Kf3 Rxe5 $15) 38. Ng3 Bd7 {next ...Rc8 is good for Black.} 39. fxe5 dxe5 40. Rh6 Rc8 41. Nf5+ Bxf5 42. exf5 {KR-KR} Rc3+ 43. Ke4 Rxc2 (43... Rxa3 $11 44. Kxe5 Kf8) 44. Kxe5 ({White should try} 44. Rxa6 $16 f6 45. Rb6) 44... Re2+ {The position is equal.} 45. Kd5 Rf2 46. Rxa6 {Strongly threatening Ra7+.} Rxf5+ 47. Kc6 {Black must now prevent Ra5.} Re5 48. Ra7+ Ke6 $1 49. a4 bxa4 50. Rxa4 Re4 51. Kc5 Kd7 52. Ra7+ Kc8 53. Rxf7 Re6 {Accuracy: White = 58%, Black = 58%.} 1/2-1/2

[Event "Hull 4NCL GM Congress 2019"]
[Site "Hull"]
[Date "2019.11.02"]
[Round "6.1"]
[White "Merry, Alan B"]
[Black "Gonda, Laszlo"]
[Result "1/2-1/2"]
[WhiteElo "2426"]
[BlackElo "2541"]
[Annotator "ChessBase"]
[PlyCount "46"]
[EventDate "2019.10.30"]
[EventType "tourn"]
[EventCountry "ENG"]
[SourceTitle "playchess.com"]
[Source "ChessBase"]
[SourceQuality "1"]
[TimeControl "5400+30"]

1. c4 {[%emt 0:00:00]} b6 {[%emt 0:00:00]} 2. Nc3 {[%emt 0:00:00]} Bb7 {[%emt 0:00:00]} 3. e4 {[%emt 0:00:00]} Nf6 {[%emt 0:00:00]} 4. d3 {[%emt 0:07:13]} d6 {[%emt 0:00:00]} 5. g3 {[%emt 0:00:13]} c5 {[%emt 0:00:46]} 6. Bg2 {[%emt 0:00:03]} g6 {[%emt 0:00:03]} 7. Nge2 {[%emt 0:00:13]} Bg7 {[%emt 0:00:05]} 8. O-O {[%emt 0:00:04]} Nc6 {[%emt 0:00:03]} 9. h3 {[%emt 0:00:54]} O-O {[%emt 0:01:45]} 10. Be3 {[%emt 0:00:08]} Rc8 {[%emt 0:01:19]} 11. Qd2 {[%emt 0:02:37]} Ne8 {[%emt 0:04:53]} 12. f4 {[%emt 0:09:42]} Nc7 {[%emt 0:06:48]} 13. f5 {[%emt 0:00:42]} Ne5 {[%emt 0:00:27]} 14. g4 {[%emt 0:10:59]} e6 {[%emt 0:04:32]} 15. Nf4 {[%emt 0:09:59]} Qd7 {[%emt 0:02:08]} 16. Rae1 {[%emt 0:03:18]} Rfe8 {[%emt 0:03:55]} 17. b3 {[%emt 0:14:30]} b5 {[%emt 0:02:16]} 18. Rf2 {[%emt 0:05:08]} a5 {[%emt 0:01:17]} 19. a4 {[%emt 0:06:08]} bxa4 {[%emt 0:02:08]} 20. Nxa4 {[%emt 0:01:15]} Rb8 {[%emt 0:00:14]} 21. f6 {[%emt 0:04:56]} Bxf6 {[%emt 0:07:33]} 22. Nxg6 {[%emt 0:01:01]} fxg6 {[%emt 0:02:11]} 23. Rxf6 {[%emt 0:00:08]} Rf8 {[%emt 0:59:07]} 1/2-1/2

[Event "Hull 4NCL GM Congress 2019"]
[Site "Hull"]
[Date "2019.11.02"]
[Round "6.3"]
[White "Turner, Matthew J"]
[Black "Eggleston, David J"]
[Result "1-0"]
[WhiteElo "2519"]
[BlackElo "2394"]
[Annotator "TA"]
[PlyCount "89"]
[EventDate "2019.10.30"]
[EventType "tourn"]
[EventCountry "ENG"]
[SourceTitle "playchess.com"]
[Source "ChessBase"]
[SourceQuality "1"]

{[%evp 20,89,0,0,0,0,0,0,4,-22,0,0,0,0,8,13,345,343,443,455,490,487,468,452,1338,1314,1553,1553,1546,1508,1504,1371,29992,1306,1321,1305,1095,799,1012,935,5385,4998,1775,807,744,719,609,530,525,522,475,418,987,933,964,917,882,819,1465,1365,4132,3795,1660,1259,5077,4631,1898,1570,2151,1916,1445,1379]} 1. d4 Nf6 2. Nf3 b6 3. g3 Bb7 4. Bg2 e6 5. O-O Be7 6. c4 O-O 7. d5 exd5 8. Nh4 c6 9. cxd5 Nxd5 10. Nf5 Nc7 11. e4 d5 {E17: Queen's Indian: 4 g3 Bb7 5 Bg2 Be7} 12. exd5 (12. Nc3 Bf6 13. exd5 Nxd5 14. Nxd5 cxd5 15. Bf4 Nd7 16. Nd6 Bc6 17. Rc1 Ne5 18. Bxe5 Bxe5 19. Nxf7 Rxf7 20. Rxc6 Rd7 {½-½ (57) Moiseenko,A (2649)-Inarkiev,E (2730) Izmir 2016}) 12... cxd5 13. Nc3 Nba6 {The position is equal.} 14. Bf4 Bf6 15. Re1 $40 {[%mdl 128] White is up to no good.} Bc8 16. Qh5 Be6 17. Rad1 {Strongly threatening Nxd5!} Qd7 $146 {[%mdl 8192]} (17... g6 $11 {and Black has nothing to worry.} 18. Nh6+ Kg7) ({Predecessor:} 17... Qc8 18. Ne3 Bxc3 19. bxc3 Rb8 20. c4 dxc4 21. Be5 Nc5 22. Bxg7 Kxg7 {½-½ (30) Petrov,N (2573)-Nayhebaver,M (2456) Lisbon 2018}) 18. Nxd5 $18 Bxd5 19. Bxd5 ({Not} 19. Ne3 Nb4 $14) 19... Nxd5 {[#]} 20. Rxd5 $1 {[%mdl 512]} Qb7 (20... Qxd5 21. Nh6+) 21. Bg5 {White wants to mate with Bxf6!} Bxb2 (21... Qxd5 $2 {is the wrong capture.} 22. Bxf6 Rae8 23. Rxe8) (21... Rfe8 $142 22. Red1 Bxb2) 22. Ne7+ Kh8 23. Re4 g6 24. Qh4 {Threatening mate with Bf6+.} Bg7 25. Bf6 Rg8 {[#]} 26. Rdd4 (26. Nf5 $142 $1 {[%mdl 512]} gxf5 27. Bxg7+ Kxg7 28. Qg5+ {[%mdl 64] Double Attack} Kh8 29. Qf6+ Rg7 30. Rd8+ {[%mdl 64] Back Rank} Rxd8 31. Qxd8+ Rg8 32. Qf6+ {[%mdl 64] Double Attack} Rg7 33. Re8#) 26... h5 27. Qf4 {[%cal Rf4h6]} Kh7 28. Nxg8 Rxg8 29. Re7 Qc6 30. Rxf7 {Intending Rd8 and mate.} Nc5 31. Bxg7 (31. Qe5 $142 Qe6 32. Qc7 Qe1+ {[#]} 33. Kg2 $1 {[%mdl 512]}) 31... Rxg7 32. Rxg7+ Kxg7 {[%mdl 4096] Endgame KQR-KQN} 33. Qe5+ Qf6 34. Qxf6+ Kxf6 {KR-KN} 35. f4 g5 (35... Ke7 $142 36. Kf2 Ne6) 36. fxg5+ {White is clearly winning.} Kxg5 37. Kf2 Kf5 38. Ke3 Kg5 39. h4+ Kf5 40. Rd5+ Kg6 41. Kd4 Kh6 42. Rd6+ Kg7 43. Ke5 Kh7 44. Kf5 Kg7 45. Rc6 {Accuracy: White = 83%, Black = 30%.} 1-0

[Event "Hull 4NCL GM Congress 2019"]
[Site "Hull"]
[Date "2019.11.02"]
[Round "6.4"]
[White "Plat, Vojtech"]
[Black "Greet, Andrew N"]
[Result "1-0"]
[WhiteElo "2573"]
[BlackElo "2414"]
[Annotator "TA"]
[PlyCount "77"]
[EventDate "2019.10.30"]
[EventType "tourn"]
[EventCountry "ENG"]
[SourceTitle "playchess.com"]
[Source "ChessBase"]
[SourceQuality "1"]

{[%evp 14,77,6,0,6,5,13,19,28,8,27,0,0,-13,0,-47,-4,-4,-6,-8,8,11,36,28,36,36,85,34,74,66,56,55,66,55,70,68,79,72,62,69,70,79,59,80,63,52,69,39,82,34,71,73,74,53,63,74,97,108,226,226,514,516,791,710,649,552]} 1. c4 e6 2. d4 Nf6 3. g3 c5 4. Nf3 cxd4 5. Nxd4 Qc7 6. Nc3 a6 7. Bg2 Qxc4 8. O-O Nc6 {A32: Symmetrical English: 2 Nf3 Nf6 3 d4 cxd4 4 Nxd4 e6} 9. Nb3 d5 10. Bf4 Qb4 {The position is equal.} 11. Rc1 Be7 $1 12. e4 Nxe4 13. Nxe4 dxe4 {[#]} 14. Bd2 $146 (14. a3 $5 {[%cal Ra3b4]} Qa4 15. Re1 $11) ({Predecessor:} 14. Re1 O-O 15. Bc7 Qb5 16. Rxe4 {½-½ (71) Adhiban,B (2653)-Bok,B (2607) Wijk aan Zee 2016}) 14... Qb5 15. Bxe4 O-O 16. Qc2 f5 17. Bxc6 bxc6 18. Nd4 $36 {[%mdl 2048] White has good play.} Qd5 19. Nxc6 Re8 20. Bf4 (20. Rfd1 $16 Bb7 21. Ba5) 20... Bb7 21. Rfd1 $1 {[%cal Rd1d5]} Qxc6 22. Qxc6 Bxc6 23. Rxc6 Bf6 24. b4 e5 25. Be3 Reb8 26. Bb6 Rc8 27. Rdc1 Rxc6 28. Rxc6 $16 {[%mdl 4096] Endgame KRB-KRB} Kf7 29. Bc5 h5 30. a4 h4 31. Kg2 hxg3 32. hxg3 e4 33. Kf1 Bc3 34. Ke2 g5 35. Ke3 Rd8 {[#]} (35... Rh8 $16 {might work better.}) 36. Bd6 $1 $18 ({Not} 36. Rxa6 Rd1 $11) 36... a5 $2 {[#]} (36... Bb2 37. Rxa6 Rh8) 37. b5 $1 {[%cal Bb4b5,Bb5b6][%mdl 32] White is clearly winning.} ({Weaker is} 37. Rxc3 Rxd6 38. bxa5 Rd5 $16) 37... Bb4 (37... Bf6 $142 38. b6 Be7) 38. Bxb4 axb4 39. b6 {Accuracy: White = 61%, Black = 41%.} 1-0

[Event "Hull 4NCL GM Congress 2019"]
[Site "Hull"]
[Date "2019.11.02"]
[Round "6.5"]
[White "Roberson, Peter T"]
[Black "Palliser, Richard J D"]
[Result "1/2-1/2"]
[WhiteElo "2437"]
[BlackElo "2413"]
[Annotator "NA"]
[PlyCount "41"]
[EventDate "2019.10.30"]
[EventType "tourn"]
[EventCountry "ENG"]
[SourceTitle "playchess.com"]
[Source "ChessBase"]
[SourceQuality "1"]
[TimeControl "5400+30"]

1. e4 {[%emt 0:00:00]} c5 {[%emt 0:00:10]} 2. c3 {[%emt 0:00:00]} Nf6 {[%emt 0:00:04]} 3. e5 {[%emt 0:00:00]} Nd5 {[%emt 0:00:59]} 4. Bc4 {[%emt 0:00:08]} Nb6 {[%emt 0:00:08]} 5. Bb3 {[%emt 0:00:03]} Nc6 {[%emt 0:02:39]} 6. d4 {[%emt 0:03:36]} cxd4 {[%emt 0:00:04]} 7. cxd4 {[%emt 0:00:08]} d6 {[%emt 0:00:22]} 8. e6 {[%emt 0:02:51]} fxe6 {[%emt 0:00:03]} 9. Nf3 {[%emt 0:04:39]} g6 {[%emt 0:01:00]} 10. Nc3 {[%emt 0:02:21]} Bg7 {[%emt 0:00:05]} 11. h4 {[%emt 0:00:26]} e5 {[%emt 0:05:50]} 12. dxe5 {[%emt 0:00:56]} Nxe5 {[%emt 0:02:22]} 13. Ng5 {[%emt 0:19:28]} Bf5 {[%emt 0:15:47]} 14. Be6 {[%emt 0:24:30]} h6 {[%emt 0:07:21]} 15. Bxf5 {[%emt 0:00:02]} hxg5 {[%emt 0:00:04]} 16. Be6 {[%emt 0:00:18]} Nbd7 {[%emt 0:08:05]} 17. Bxg5 {[%emt 0:14:16]} Nc5 {[%emt 0:00:03]} 18. Qd5 {[%emt 0:08:23]} Nxe6 {[%emt 0:02:21]} 19. Qxe6 {[%emt 0:00:05]} Qd7 {[%emt 0:00:01]} 20. Qd5 {[%emt 0:01:57]} e6 {[%emt 0:09:37]} 21. Qd1 {[%emt 0:00:44]} 1/2-1/2

[Event "Hull 4NCL GM Congress 2019"]
[Site "Hull"]
[Date "2019.11.02"]
[Round "7.1"]
[White "Palliser, Richard J D"]
[Black "Merry, Alan B"]
[Result "1-0"]
[WhiteElo "2413"]
[BlackElo "2426"]
[Annotator "TA"]
[PlyCount "115"]
[EventDate "2019.10.30"]
[EventType "tourn"]
[EventCountry "ENG"]
[SourceTitle "playchess.com"]
[Source "ChessBase"]
[SourceQuality "1"]

{[%evp 14,115,41,41,48,47,47,46,47,58,58,59,48,49,68,26,39,34,52,6,68,17,43,45,72,62,100,31,28,34,22,29,34,31,15,12,51,42,33,40,43,41,40,0,24,22,32,25,22,10,41,38,53,49,55,55,58,42,43,39,37,0,0,0,0,0,0,0,0,0,0,0,0,0,87,104,118,134,131,138,137,145,112,58,312,291,278,235,1368,1188,1448,1441,4630,4316,29955,1966,29968,29970,29974,29975,29981,29982,29980,29980]} 1. d4 Nf6 2. c4 g6 3. Nc3 Bg7 4. e4 d6 5. h3 O-O 6. Be3 c5 7. Nf3 cxd4 8. Nxd4 b6 {E90: King's Indian: Classical: Early deviations and 6 h3} 9. g3 (9. Qd2 Bb7 10. f3 Nbd7 11. O-O-O Rc8 12. Bh6 Ne5 13. h4 Nxc4 14. Bxc4 Rxc4 15. Bxg7 Kxg7 16. h5 {1-0 (50) Lupulescu,C (2649)-Kovalev,V (2649) Riga 2019}) 9... Bb7 10. Bg2 $1 Nbd7 {White is slightly better.} 11. O-O Rc8 12. b3 Re8 13. Rc1 Qc7 14. Re1 Qb8 15. Qd2 a6 16. Bh6 $146 ({Predecessor:} 16. Nd5) 16... Bh8 ({Better is} 16... Bxh6 $11 17. Qxh6 b5) 17. Nf5 (17. g4 $14) 17... Nf8 18. Ne3 b5 19. Ncd5 bxc4 20. bxc4 ({White should try} 20. Nxc4 $16 Nxd5 21. exd5) 20... Qa7 21. Rb1 Nxd5 22. exd5 Nd7 23. Bf1 Rb8 24. Nc2 Bc8 25. Be3 Qc7 26. Rxb8 Qxb8 27. Nd4 Qc7 28. Nc6 Bb7 29. Qa5 Qxa5 30. Nxa5 Ba8 31. Rb1 Bc3 (31... Rb8 $5 {[%cal Rb8b1]} 32. Rb3 Rxb3 33. axb3 (33. Nxb3 h5 $11) 33... Bc3 $11) 32. Nc6 Bf6 33. Bg2 Rc8 34. f4 Kf8 35. g4 h6 36. Kh2 g5 37. Kg3 gxf4+ 38. Bxf4 Bg5 39. h4 Bxf4+ 40. Kxf4 Bxc6 41. dxc6 $11 {[%mdl 4096] Endgame KRB-KRN} Ne5 42. Rb6 a5 43. g5 hxg5+ (43... Kg7 $11) 44. Kxg5 $16 f6+ 45. Kf5 {[#] Strongly threatening Bd5.} Nxc4 46. Rb7 {Black must now prevent Ke6.} Ne3+ 47. Ke6 Nxg2 {[#]} 48. Kd7 (48. c7 $1 $16 {And now Rb8! would win.} Nf4+ 49. Kd7 Rxc7+ 50. Kxc7) 48... Rxc6 $2 {[%mdl 8192]} (48... Ra8 $1 $14) 49. Kxc6 $18 Nxh4 $14 {KR-KN} 50. Rb5 f5 $2 (50... e5 51. Rxa5 (51. Kxd6 e4 $18) 51... Nf3 52. Kxd6 e4) 51. Rxa5 $18 Kf7 52. a4 {[%cal Ba2a4,Ba4a5,Ba5a6][%mdl 32]} Ke6 53. Ra8 f4 54. Rh8 Nf5 55. a5 {White mates.} Nd4+ 56. Kb6 Kd5 57. a6 Nc6 58. Rc8 {Accuracy: White = 63%, Black = 39%.} 1-0

[Event "Hull 4NCL GM Congress 2019"]
[Site "Hull"]
[Date "2019.11.02"]
[Round "7.2"]
[White "Greet, Andrew N"]
[Black "Roberson, Peter T"]
[Result "1/2-1/2"]
[WhiteElo "2414"]
[BlackElo "2437"]
[Annotator "RC"]
[PlyCount "67"]
[EventDate "2019.10.30"]
[EventType "tourn"]
[EventCountry "ENG"]
[SourceTitle "playchess.com"]
[Source "ChessBase"]
[SourceQuality "1"]
[TimeControl "5400+30"]

1. Nf3 {[%emt 0:00:00]} Nf6 {[%emt 0:00:00]} 2. c4 {[%emt 0:00:08]} e6 {[%emt 0:00:23]} 3. d4 {[%emt 0:01:27]} d5 {[%emt 0:00:29]} 4. e3 {[%emt 0:00:20]} Be7 {[%emt 0:02:37]} 5. Bd3 {[%emt 1:30:35]} O-O {[%emt 0:00:28]} 6. O-O {[%emt 0:00:00]} dxc4 {[%emt 0:07:59]} 7. Bxc4 {[%emt 0:00:00]} c5 {[%emt 0:00:03]} 8. Nc3 {[%emt 0:00:00]} a6 {[%emt 0:04:48]} 9. dxc5 {[%emt 0:00:00]} Bxc5 {[%emt 0:01:04]} 10. Qe2 {[%emt 0:00:00]} b5 {[%emt 0:07:27]} 11. Bd3 {[%emt 0:00:00]} Bb7 {[%emt 0:00:02]} 12. e4 {[%emt 0:00:00]} Nbd7 {[%emt 0:04:11]} 13. Bf4 {[%emt 0:00:00]} Nh5 {[%emt 0:09:38]} 14. Be3 {[%emt 0:00:00]} Bxe3 {[%emt 0:12:23]} 15. Qxe3 {[%emt 0:00:00]} Qb6 {[%emt 0:02:46]} 16. Rfe1 {[%emt 0:00:00]} Qxe3 {[%emt 0:02:20]} 17. Rxe3 {[%emt 0:00:00]} Nf4 {[%emt 0:03:17]} 18. Bf1 {[%emt 0:00:00]} Rfd8 {[%emt 0:04:18]} 19. Rd1 {[%emt 0:00:00]} Nb6 {[%emt 0:05:36]} 20. Rxd8+ {[%emt 0:00:00]} Rxd8 {[%emt 0:00:03]} 21. g3 {[%emt 0:00:00]} Ng6 {[%emt 0:01:11]} 22. Rd3 {[%emt 0:00:00]} Rxd3 {[%emt 0:00:17]} 23. Bxd3 {[%emt 0:00:00]} Kf8 {[%emt 0:00:53]} 24. b4 {[%emt 0:00:00]} Ke7 {[%emt 0:02:12]} 25. Kf1 {[%emt 0:00:00]} Kd6 {[%emt 0:03:52]} 26. Ke2 {[%emt 0:00:00]} e5 {[%emt 0:00:27]} 27. Nd2 {[%emt 0:00:00]} Nf8 {[%emt 0:04:26]} 28. Nb3 {[%emt 0:00:00]} Ne6 {[%emt 0:00:18]} 29. Ke3 {[%emt 0:00:00]} g5 {[%emt 0:00:37]} 30. Be2 {[%emt 0:00:00]} Bc8 {[%emt 0:02:49]} 31. Nd1 {[%emt 0:00:00]} Nc7 {[%emt 0:03:59]} 32. Nc5 {[%emt 0:00:27]} Ne6 {[%emt 0:02:58]} 33. Nb3 {[%emt 0:00:37]} Nc7 {[%emt 0:00:04]} 34. Nc5 {[%emt 0:00:33]} 1/2-1/2

[Event "Hull 4NCL GM Congress 2019"]
[Site "Hull"]
[Date "2019.11.02"]
[Round "7.3"]
[White "Eggleston, David J"]
[Black "Plat, Vojtech"]
[Result "0-1"]
[WhiteElo "2394"]
[BlackElo "2573"]
[Annotator "TA"]
[PlyCount "130"]
[EventDate "2019.10.30"]
[EventType "tourn"]
[EventCountry "ENG"]
[SourceTitle "playchess.com"]
[Source "ChessBase"]
[SourceQuality "1"]

{[%evp 18,130,51,32,24,37,37,0,-5,-7,4,9,15,11,42,36,53,40,63,68,68,58,103,102,92,87,113,67,68,44,55,58,62,60,61,38,21,0,0,-14,-21,-54,-57,-87,-81,-76,-53,-47,-31,-50,-56,-73,-79,-62,-71,-214,-229,-217,-219,-231,-237,-235,-233,-220,-212,-229,-223,-213,-196,-289,-278,-312,-307,-288,-325,-295,-279,-518,-540,-506,-524,-506,-504,-469,-465,-547,-547,-500,-460,-29971,-29973,-29971,-29974,-29974,-29975,-29973,-29974,-29974,-29975,-29982,-29979,-29979,-29978,-29978,-29979,-29979,-29980,-29980,-29981,-29981,-29982,-29982,-29983,-29982,-29983]} 1. e4 c5 2. Nf3 Nc6 3. d4 cxd4 4. Nxd4 e5 5. Nb5 a6 6. Nd6+ Bxd6 7. Qxd6 Qf6 8. Qxf6 Nxf6 9. Nc3 Nb4 10. Kd2 d6 {B32: Sicilian: Löwenthal and Kalashnikov Variations} 11. a3 Nc6 12. b3 Be6 {The position is equal.} 13. Bb2 O-O-O $146 ({Predecessor:} 13... Nd4 14. Re1 Rc8 15. Bd3 O-O 16. f4 Rfe8 17. Rhf1 Nc6 18. f5 {½-½ (110) Eggleston,D (2407)-Simacek,P (2472) Orlova 2014}) 14. Re1 h5 15. h4 Rh6 16. Kc1 Rg6 17. f3 Ne8 18. Rd1 Nc7 19. Rd2 Ne7 20. Bd3 Rg3 21. Rg1 f6 22. Ne2 Rg6 23. g3 Rh6 24. c4 g5 25. f4 Bg4 26. hxg5 fxg5 27. fxg5 Rg6 28. Rf1 Nc6 29. Ng1 Ne6 30. Rdf2 Rxg5 31. b4 Rg7 32. Rf7 Rdg8 {White must now prevent ...Rxf7.} 33. Rxg7 Rxg7 34. Kd2 Kd7 35. Bc3 Ncd4 36. Ke3 {[#]} (36. Bb2 $17) 36... Bh3 $1 $19 {[%cal Rh3f1][%mdl 576] Discovered Attack, Decoy} 37. Nxh3 {And now Be1 would win.} Rxg3+ {[%mdl 64] Double Attack} 38. Kd2 Nb3+ 39. Kc2 Ned4+ ({Much less strong is} 39... Rxh3 40. Rf7+ Kc6 41. Kxb3 $17) 40. Bxd4 Nxd4+ 41. Kd2 Rxh3 {[%mdl 4096] Endgame KRB-KRN} 42. Rf7+ Kc6 43. a4 {[#]} (43. c5 {might work better.}) 43... a5 $1 {[%mdl 512]} 44. b5+ (44. bxa5 Nb3+) 44... Kb6 45. c5+ Kxc5 46. Rxb7 Nb3+ 47. Kc2 $2 (47. Kc3 {only move.} Nc1 48. Rc7+ Kb6 49. Rc6+ {[%mdl 64] Double Attack} Kb7 50. Rxd6) 47... Kb4 {Hoping for ...Rxd3!} 48. Bf1 Rf3 49. Be2 Rc3+ 50. Kb2 Nc5 {[%mdl 64] Double Attack} 51. Rh7 Nxa4+ 52. Kb1 Rh3 {Strongly threatening ...Nc3+.} 53. Bxh5 (53. b6 $19 Nxb6 54. Rb7) 53... Nc3+ {Black mates.} 54. Kc2 Nxb5 55. Bg6 Rxh7 56. Bxh7 {KB-KN} a4 {[%cal Ba5a4,Ba4a3][%mdl 32]} 57. Kb2 a3+ 58. Ka2 Nc3+ 59. Ka1 Kc4 60. Bg6 Kd4 61. Bh7 Ke3 62. Bg6 Nxe4 63. Ka2 d5 64. Kxa3 d4 65. Kb2 Nf2 {Accuracy: White = 46%, Black = 72%.} 0-1